Film par affiche sans titre ni acteur - 2 - Statistiques

Statistiques générales
  • Ce quiz a été pris 57 fois
  • Le résultat moyen est 7 sur 16
Statistiques - réponses
Par images Réponse % Correct
Le labyrinthe
91%
Le pôle express
65%
Tempête de boulettes géantes
61%
Alien, le huitième passager
57%
127 heures
54%
Apocalypse now
52%
L'Étrange noël de monsieur Jack
50%
The usual suspects
48%
Arrête moi si tu peux
43%
West side story
39%
Inglorious basterds
33%
Je suis une légende
30%
Terminator 2
30%
Sleepy Hollows, la légende du cavalier sans tête
28%
Vertigo
22%
Fury
13%
Aucun quiz correspondant
Distribution des résultats
% des personnes avec chaque résultat
Percentile par nombre de réponses
Votre historique - résultats
Vous n’avez pas pris ce quiz